000 01316cam a2200301 a 4500
999 _c234733
_d234733
001 13998964
003 Nust
005 20170330101254.0
008 050610s2006 nyu d 000 1 eng
010 _a 2005016035
020 _a9780007221516
040 _aDLC
_cDLC
_dDLC
042 _alcac
050 0 0 _aPZ7.S52823
_bDem 2006
082 0 0 _a823
_bSHA
100 1 _aShan, Darren.
245 1 0 _aDemon thief /
_cby Darren Shan.
250 _a1st U.S. ed.
260 _aNew York :
_bLittle, Brown,
_c2006.
300 _a274 p. ;
_c22 cm.
490 1 _aThe Demonata ;
_vbk. 2
520 _aWith the opening of a window into a demon world, a boy discovers his powers as a Disciple and his mission to hunt the viciously powerful Demonata to the death.
650 1 _aDemonology
_vFiction.
650 1 _aHorror stories.
800 1 _aShan, Darren.
_tDemonata ;
_vbk. 2.
856 4 2 _3Contributor biographical information
_uhttp://www.loc.gov/catdir/enhancements/fy0742/2005016035-b.html
906 _a7
_bcbc
_corignew
_d1
_eecip
_f20
_gy-gencatlg
942 _2ddc
_cBK